000 01155nam a22002897a 4500
999 _c65627
_d65627
005 20240530110835.0
008 191020s2006 ua f b 000 0aara d
017 _a2006/18083
_bمصر. دار الكتب
020 _a977091813x
040 _aEG-CaGPL
_cEG-CaGPL
082 0 4 _221
_a330.962
_bق/ ع ا
100 0 _aعلى شلبى
245 1 0 _aازمة الكساد العالمى الكبير وانعكاسها على الريف المصرى 1929-1934 /
_cعلى شلبى
250 _aط.1
260 _aالقاهرة :
_bدار الشروق ،
_c2006
300 _a226 ص. ؛
_c24 سم .
490 0 _aسلسلة التاريخ - الجانب الاخر- اعادة قراءة للتاريخ المصرى ؛
_v11
504 _aيشمل على ارجاعات ببليوجرافية
650 0 7 _2qrmak
_aالاقتصاد
_zمصر
650 0 7 _aالبغاء
650 0 7 _aالبطالة
650 0 7 _aالريف المصرى
650 0 7 _aالكساد العالمى الكبير
651 0 7 _2qrmak
_aمصر
_xالاحوال الاقتصادية
_y1929 - 1934
942 _2ddc
_cBK